| 000 | 00525cam a2200205ua 4500 | ||
|---|---|---|---|
| 020 |
_a81-224-0994-6 _c175.00 |
||
| 041 |
_aeng _h |
||
| 082 |
_a510 _bUPP/MA |
||
| 100 | _aUppal, S M . | ||
| 245 |
_aMathematics for science / _cS M Uppal. _hTextual Documents |
||
| 250 |
_a1 / _b. |
||
| 260 |
_aNew Delhi : _bNew Age International Ltd , _c1996. |
||
| 300 |
_a420 : _b506 ; . |
||
| 365 | _a175.00 | ||
| 500 | _a20305 CSS | ||
| 504 | _a | ||
| 700 | 1 | _aHumphreys, H M . | |
| 942 | _cBK | ||
| 999 |
_c10580 _d10580 |
||